SHAME TRAVELS A FAMILY LOST A FAMILY FOU (Record no. 20002)

MARC details
000 -LEADER
fixed length control field 00350nam a2200133Ia 4500
008 - FIXED-LENGTH DATA ELEMENTS--GENERAL INFORMATION
fixed length control field 240624s9999 xx 000 0 und d
041 ## - LANGUAGE CODE
Language code of text/sound track or separate title eng
082 ## - DEWEY DECIMAL CLASSIFICATION NUMBER
Classification number 823 SAN
100 ## - MAIN ENTRY--PERSONAL NAME
Personal name SANGHERA JASVINDER
245 ## - TITLE STATEMENT
Title SHAME TRAVELS A FAMILY LOST A FAMILY FOU
260 ## - PUBLICATION, DISTRIBUTION, ETC.
Date of publication, distribution, etc. 2011
Place of publication, distribution, etc. India
Name of publisher, distributor, etc. Hodder abd Stoughtio
300 ## - PHYSICAL DESCRIPTION
Extent 284p. : cm. ; 20
365 ## - TRADE PRICE
Currency code RS
Price amount 25
Holdings
Withdrawn status Lost status Damaged status Not for loan Home library Current library Shelving location Date acquired Source of acquisition Cost, normal purchase price Full call number Barcode Date last seen Copy number Price effective from Koha item type
        IMTN IMTN Rack 38-B 10/03/2012 AP 299.00 823 SAN 20002 06/24/2024 1 06/24/2024 Books
Designed & Maintained by: LRC IMT Nagpur Contact: lrc@imtnag.ac.in© 2024. All Rights Reserved.